[Event "XXXVII Open International de Metz A (>1"]
[Site "METZ"]
[Date "2019.04.08"]
[Round "8.12"]
[White "Thomas, Anysia"]
[Black "Schweitzer, Victoria"]
[Result "1-0"]
[WhiteElo "2149"]
[BlackElo "2084"]
[PlyCount "89"]
[EventDate "2019.??.??"]
[WhiteTeam "Vandoeuvre-Echecs"]
[BlackTeam "Metz Alekhine"]

1. d4 Nf6 2. c4 e6 3. g3 d5 4. Bg2 Bb4+ 5. Bd2 Be7 6. Nf3 O-O 7. O-O b6 8. Nc3
Bb7 9. cxd5 Nxd5 10. Nxd5 Bxd5 11. Qc2 Nd7 12. e4 Bb7 13. Rad1 Rc8 14. Rfe1 h6
15. Bc3 c6 16. e5 b5 17. Qe4 Re8 18. h4 a5 19. Qg4 Bf8 20. Bd2 Kh8 21. Be3 Qe7
22. Nd2 Qb4 23. Qh5 g6 24. Qf3 Kg8 25. Qg4 Nxe5 26. Qe2 Nc4 27. Ne4 Red8 28.
Nf6+ Kg7 29. Ng4 Nxe3 30. Qxe3 Qe7 31. Qxh6+ Kg8 32. Qf4 Bg7 33. Ne5 Bxe5 34.
dxe5 Rxd1 35. Rxd1 Rd8 36. Rd6 Rxd6 37. exd6 Qd7 38. Qe5 Bc8 39. Qc5 Bb7 40.
Qe5 Bc8 41. g4 Qe8 42. h5 gxh5 43. Qg5+ Kf8 44. Qf6 Kg8 45. gxh5 1-0

[Event "XXXVII Open International de Metz A (>1"]
[Site "METZ"]
[Date "2019.04.08"]
[Round "8.13"]
[White "Narendran Gouthaman"]
[Black "Chauvin, Denis"]
[Result "1-0"]
[WhiteElo "2156"]
[BlackElo "1876"]
[PlyCount "71"]
[EventDate "2019.??.??"]
[BlackTeam "Le Pion Tissalien Echecs"]

1. e4 b6 2. d4 Bb7 3. Nc3 Nf6 4. Bd3 e6 5. a3 c5 6. Nf3 cxd4 7. Nxd4 Nc6 8.
Nxc6 Bxc6 9. Qe2 Qc7 10. O-O h6 11. e5 Ng8 12. f4 g6 13. Ne4 Be7 14. b4 Bxe4
15. Qxe4 Rc8 16. Bb2 h5 17. Rad1 Nh6 18. Bb5 O-O 19. Rxd7 Qxc2 20. Qxc2 Rxc2
21. Rf2 Rxf2 22. Kxf2 Nf5 23. Rxa7 Rd8 24. Rd7 Kf8 25. Rxd8+ Bxd8 26. Bc3 Bc7
27. Bd3 Ne7 28. Be4 Ke8 29. Ke3 Kd7 30. Kd4 Kc8 31. Kc4 Kb8 32. h4 Bd8 33. Bd4
Nc8 34. Bc6 Bc7 35. Bd7 b5+ 36. Kxb5 1-0

[Event "XXXVII Open International de Metz A (>1"]
[Site "METZ"]
[Date "2019.04.08"]
[Round "8.14"]
[White "Veron, Cyprien"]
[Black "Boulet, Philippe"]
[Result "0-1"]
[WhiteElo "1990"]
[BlackElo "1971"]
[PlyCount "166"]
[EventDate "2019.??.??"]
[WhiteTeam "Saint Hilaire Petitville"]
[BlackTeam "Esbarres Bonnencontre Echecs"]

1. Nf3 c5 2. c4 g6 3. d4 cxd4 4. Qxd4 Nf6 5. Nc3 Bg7 6. Qd2 d6 7. e4 Nc6 8. Be2
O-O 9. O-O Be6 10. Rb1 h6 11. b3 Nd7 12. Bb2 Qa5 13. a3 Rfc8 14. Rfc1 Qd8 15.
Nd5 Qf8 16. h3 Nc5 17. Qe3 Bxb2 18. Rxb2 Qg7 19. Rbb1 f5 20. exf5 Bxf5 21. b4
Bxb1 22. Rxb1 Na4 23. Bd3 Rf8 24. Nc7 Rxf3 25. Qxf3 Rc8 26. Qd5+ Kh7 27. Ne6
Qe5 28. Rc1 Nb6 29. Qe4 Qxe4 30. Bxe4 Ne5 31. c5 d5 32. Re1 dxe4 33. cxb6 axb6
34. Rxe4 Nc4 35. Nc5 bxc5 36. Rxc4 b6 37. bxc5 bxc5 38. Kf1 Kg7 39. Ke2 Kf6 40.
Kd3 Ke5 41. Re4+ Kd6 42. Kc4 Rb8 43. Re2 Rb1 44. Rd2+ Kc6 45. Kc3 Ra1 46. Kb2
Rg1 47. f3 Kb5 48. Kc3 Re1 49. Rb2+ Kc6 50. a4 Re3+ 51. Kc4 Ra3 52. Re2 Rxa4+
53. Kc3 Kd6 54. Rd2+ Ke6 55. Kb3 Rb4+ 56. Kc3 h5 57. Re2+ Kf6 58. Rd2 e6 59.
Rd6 Ra4 60. Rd2 h4 61. Kb3 Rd4 62. Rc2 Rd5 63. Rc4 Rg5 64. Rc2 Rd5 65. Rc4 Rg5
66. Rc2 Re5 67. Rc4 Re3+ 68. Ka4 Re2 69. Rg4 g5 70. Kb3 e5 71. Kc3 Ra2 72. Kb3
Rd2 73. Kc4 Rc2+ 74. Kb3 Rc1 75. Re4 Kf5 76. Rg4 Rd1 77. Kc4 Rd4+ 78. Kxc5 Rxg4
79. hxg4+ Kf4 80. Kd5 Kg3 81. Kxe5 Kxg2 82. f4 h3 83. fxg5 h2 0-1

[Event "XXXVII Open International de Metz A (>1"]
[Site "METZ"]
[Date "2019.04.08"]
[Round "8.15"]
[White "Kienitz, Andre"]
[Black "Sadeghi, Hassan"]
[Result "1-0"]
[WhiteElo "2117"]
[BlackElo "2112"]
[PlyCount "97"]
[EventDate "2019.??.??"]
[BlackTeam "Cercle d'Echecs d'Evian"]

1. e4 e5 2. Nf3 Nc6 3. Nc3 Nf6 4. d4 exd4 5. Nxd4 Bb4 6. Nxc6 bxc6 7. Bd3 d5 8.
exd5 Qe7+ 9. Qe2 Qxe2+ 10. Kxe2 Nxd5 11. Nxd5 cxd5 12. Bf4 c5 13. c4 Bb7 14.
cxd5 O-O 15. Rhd1 Bxd5 16. Bxh7+ Kxh7 17. Rxd5 Rfe8+ 18. Be3 Re6 19. a3 Ba5 20.
Rxc5 Bb6 21. Rd5 Rb8 22. b4 a5 23. b5 Rbe8 24. Rd3 a4 25. Rb1 g5 26. g4 Rc8 27.
Kf3 Rc2 28. Bxb6 Rxb6 29. Kg3 Rc5 30. Rb4 Rcxb5 31. Rxa4 Kg6 32. Rad4 f6 33. a4
Ra5 34. Ra3 Rba6 35. h4 gxh4+ 36. Kxh4 f5 37. g5 f4 38. Rxf4 Rxg5 39. Rg4 Rxg4+
40. Kxg4 Ra5 41. Kf4 Kf6 42. Ke4 Ke6 43. Ra2 Kd6 44. Rd2+ Kc6 45. Rd4 Ra8 46.
f4 Kc5 47. f5 Re8+ 48. Kd3 Rh8 49. Rf4 1-0

[Event "XXXVII Open International de Metz A (>1"]
[Site "METZ"]
[Date "2019.04.08"]
[Round "8.16"]
[White "Haenssel, Christian"]
[Black "Llapasset, Jean-Louis"]
[Result "0-1"]
[WhiteElo "2087"]
[BlackElo "2062"]
[Annotator "denis"]
[PlyCount "68"]
[EventDate "2019.??.??"]
[WhiteTeam "Club d'Echecs Metz Fischer"]
[BlackTeam "Echiquier Diabolique de Canohes"]

{[%evp 0,16,19,-12,-9,-51,-38,-51,-28,-27,-4,-52,0,-5,-5,-14,2,10,13]} 1. c4
Nf6 2. g3 e5 3. Bg2 h6 4. Nc3 Bb4 5. e4 Bxc3 6. bxc3 d6 7. Ne2 b6 8. O-O O-O 9.
d3 Qe7 10. Be3 Nbd7 11. f4 Bb7 12. h3 c6 13. Qd2 d5 14. fxe5 Nxe5 15. cxd5 cxd5
16. Nd4 dxe4 17. Nf5 Qe6 18. Nxg7 Kxg7 19. Bxh6+ Kh7 20. Qg5 Rg8 21. Qxf6 Rxg3
22. Qxe6 fxe6 23. Bf4 Rxg2+ 24. Kxg2 exd3+ 25. Kf2 Nc6 26. Rfe1 Rf8 27. Kg3 e5
28. Bxe5 Rf3+ 29. Kg4 d2 30. Bd4 dxe1=Q 31. Rxe1 Rf7 32. Re8 Kg6 33. Re6+ Kh7
34. Re8 Kh6 0-1

[Event "XXXVII Open International de Metz A (>1"]
[Site "METZ"]
[Date "2019.04.08"]
[Round "8.17"]
[White "Frantz, Nicolas"]
[Black "Colson, Arnaud"]
[Result "1-0"]
[WhiteElo "2115"]
[BlackElo "2028"]
[PlyCount "81"]
[EventDate "2019.??.??"]
[WhiteTeam "Vandoeuvre-Echecs"]
[BlackTeam "Cercle d'Echecs de Creutzwald"]

1. e4 c5 2. Nf3 d6 3. d4 cxd4 4. Qxd4 Bd7 5. h3 Nc6 6. Qe3 g6 7. c4 Bg7 8. Nc3
Nb4 9. Qd2 Qa5 10. Be2 Bxc3 11. bxc3 Na6 12. O-O Nf6 13. Qd4 Nc5 14. e5 dxe5
15. Qxe5 b6 16. Bh6 Rg8 17. Qe3 Nce4 18. Bd3 Qc5 19. Qe1 Nd6 20. Bg5 Be6 21.
Qe2 O-O-O 22. Be3 Qc7 23. c5 bxc5 24. Ba6+ Kb8 25. Rab1+ Ka8 26. Bf4 Rb8 27.
Ng5 Bd5 28. c4 Bb7 29. Bxb7+ Rxb7 30. Qf3 Nh5 31. Bh2 Ng7 32. Nxf7 Ngf5 33.
Nxd6 Nxd6 34. Rfe1 Qd7 35. Rxb7 Qxb7 36. Qxb7+ Kxb7 37. Rxe7+ Kc6 38. Re6 Rd8
39. Rxd6+ Rxd6 40. Bxd6 Kxd6 41. f4 1-0

[Event "XXXVII Open International de Metz A (>1"]
[Site "METZ"]
[Date "2019.04.08"]
[Round "8.18"]
[White "Sarvadh Sathiaram"]
[Black "Oblin, Pierre"]
[Result "1-0"]
[WhiteElo "2079"]
[BlackElo "1801"]
[PlyCount "115"]
[EventDate "2019.??.??"]
[BlackTeam "Echiquier Grenoblois"]

1. e4 d6 2. d4 Nf6 3. Nc3 g6 4. f4 Bg7 5. Nf3 O-O 6. h3 c5 7. Be3 cxd4 8. Bxd4
Nc6 9. Be3 Nh5 10. Bd3 e5 11. fxe5 Nxe5 12. g4 Nxd3+ 13. Qxd3 Nf6 14. O-O-O Be6
15. Qxd6 Qa5 16. Qc5 Qxc5 17. Bxc5 Rfc8 18. Bd4 b5 19. Ng5 Bc4 20. b3 b4 21.
bxc4 bxc3 22. Rhf1 h6 23. Bxf6 hxg5 24. Bxg7 Kxg7 25. Rd7 Rxc4 26. Rfxf7+ Kg8
27. Rfe7 a5 28. Rc7 Ra4 29. Rxc3 Rxa2 30. Rec7 Ra4 31. R7c4 Ra1+ 32. Kb2 Re1
33. Rc8+ Rxc8 34. Rxc8+ Kf7 35. Rc5 Kf6 36. Rxa5 Rxe4 37. Rd5 Re3 38. Rd6+ Ke5
39. Rxg6 Kf4 40. Rh6 Kg3 41. Rh5 Kf4 42. c3 Re8 43. h4 gxh4 44. Rxh4 Kg5 45.
Rh1 Kxg4 46. Rf1 Rb8+ 47. Ka3 Ra8+ 48. Kb4 Rb8+ 49. Ka5 Ra8+ 50. Kb5 Rb8+ 51.
Ka6 Rc8 52. Rc1 Kf5 53. c4 Ke6 54. Kb7 Rc5 55. Kb6 Rh5 56. c5 Kd7 57. c6+ Kc8
58. Ra1 1-0

[Event "XXXVII Open International de Metz A (>1"]
[Site "METZ"]
[Date "2019.04.08"]
[Round "7.1"]
[White "Chigaev, Maksim"]
[Black "Real, Thibault"]
[Result "1-0"]
[WhiteElo "2634"]
[BlackElo "2247"]
[PlyCount "87"]
[EventDate "2019.??.??"]
[BlackTeam "Lille Université Club Echiquier du Nord"]

1. e4 c5 2. Nc3 e6 3. Nf3 Nc6 4. Bb5 Nd4 5. Bc4 a6 6. Nxd4 cxd4 7. Ne2 b5 8.
Bb3 Bb7 9. d3 Bc5 10. O-O Ne7 11. Kh1 O-O 12. Bd2 d5 13. f3 a5 14. a3 Qb6 15.
Qe1 a4 16. Ba2 Rac8 17. Rc1 Kh8 18. Nf4 Bd6 19. Nh3 Ng6 20. exd5 Bxd5 21. Bxd5
exd5 22. f4 Rfe8 23. Qd1 Be7 24. f5 Ne5 25. Nf4 Qd8 26. Qh5 Bf6 27. Nh3 g6 28.
fxg6 fxg6 29. Qd1 Rc6 30. Bf4 Rce6 31. Rb1 Qe7 32. Bd2 Qd7 33. Nf4 Rc6 34. h3
Kg7 35. b3 Rec8 36. bxa4 bxa4 37. Rb2 Qd6 38. Rb7+ R6c7 39. Bb4 Qc6 40. Rxc7+
Rxc7 41. Rf2 Nf7 42. Qg4 Nh6 43. Ne6+ Kg8 44. Rxf6 1-0

[Event "XXXVII Open International de Metz A (>1"]
[Site "METZ"]
[Date "2019.04.08"]
[Round "7.2"]
[White "Solodovnichenko, Yuri"]
[Black "Feller, Sebastien"]
[Result "1/2-1/2"]
[WhiteElo "2554"]
[BlackElo "2586"]
[PlyCount "37"]
[EventDate "2019.??.??"]
[WhiteTeam "Vandoeuvre-Echecs"]
[BlackTeam "Club d'Echecs Metz Fischer"]

1. e4 e5 2. Nf3 Nc6 3. Bb5 Nf6 4. O-O Nxe4 5. d4 Nd6 6. Bg5 Be7 7. Bxe7 Nxe7 8.
dxe5 Nxb5 9. a4 b6 10. axb5 Bb7 11. Ra3 Ng6 12. Qd4 O-O 13. Nbd2 a6 14. bxa6
Rxa6 15. Rd3 Bc6 16. Re1 Re8 17. h4 Ra5 18. c4 f6 19. Rde3 1/2-1/2

[Event "XXXVII Open International de Metz A (>1"]
[Site "METZ"]
[Date "2019.04.08"]
[Round "7.3"]
[White "Di Nicolantonio, Lucas"]
[Black "Epishin, Vladimir"]
[Result "0-1"]
[WhiteElo "2359"]
[BlackElo "2568"]
[PlyCount "59"]
[EventDate "2019.??.??"]
[WhiteTeam "Club d'Echecs de l'Agglomeration Chamberienne"]
[BlackTeam "Marseille Duchamps"]

1. g3 Nf6 2. Bg2 d5 3. f4 Nc6 4. Nf3 Bf5 5. O-O e6 6. d3 Bc5+ 7. Kh1 O-O 8. Nc3
Ng4 9. d4 Bb4 10. Nb1 Nf6 11. c3 Be7 12. Nbd2 a5 13. a4 Na7 14. Ne5 Nc8 15. b3
Nd6 16. Ba3 Nfe4 17. Nxe4 Bxe4 18. Bxe4 Nxe4 19. Bxe7 Qxe7 20. Qd3 f6 21. Nf3
c6 22. Ra2 h6 23. Nd2 f5 24. Nxe4 fxe4 25. Qe3 b5 26. axb5 cxb5 27. c4 dxc4 28.
bxc4 b4 29. Qxe4 a4 30. Rb1 0-1

[Event "XXXVII Open International de Metz A (>1"]
[Site "METZ"]
[Date "2019.04.08"]
[Round "7.4"]
[White "Shchekachev, Andrei"]
[Black "Maiorov, Nikita"]
[Result "1-0"]
[WhiteElo "2522"]
[BlackElo "2540"]
[PlyCount "57"]
[EventDate "2019.??.??"]
[WhiteTeam "Tremblay en France"]

1. Nf3 Nf6 2. c4 b6 3. g3 Bb7 4. Bg2 e6 5. O-O Be7 6. Nc3 O-O 7. Re1 d5 8. cxd5
exd5 9. d4 Na6 10. Bf4 h6 11. Qb3 c5 12. Red1 Qc8 13. dxc5 bxc5 14. Bh3 Qc6 15.
Ne5 Qb6 16. Qxb6 axb6 17. Bg2 g5 18. Bc1 Rfd8 19. h4 Ne4 20. Ng4 gxh4 21. Nxh6+
Kf8 22. Nf5 Nxc3 23. Bh6+ Ke8 24. bxc3 hxg3 25. Rab1 gxf2+ 26. Kxf2 Bf8 27.
Bxf8 Kxf8 28. Rh1 Kg8 29. Rbg1 1-0

[Event "XXXVII Open International de Metz A (>1"]
[Site "METZ"]
[Date "2019.04.08"]
[Round "7.6"]
[White "Palac, Mladen"]
[Black "Pucher, Sebastien"]
[Result "1-0"]
[WhiteElo "2550"]
[BlackElo "2309"]
[PlyCount "71"]
[EventDate "2019.??.??"]
[WhiteTeam "Nice Alekhine"]
[BlackTeam "Club d'Echecs Metz Fischer"]

1. e4 g6 2. d4 Bg7 3. Nf3 d6 4. Be3 Nf6 5. Nc3 c6 6. Qd2 Qa5 7. Bd3 e5 8. dxe5
dxe5 9. O-O O-O 10. h3 Qc7 11. b4 Nbd7 12. Rab1 a6 13. Ne2 Rd8 14. c4 Nf8 15.
Qc2 Nh5 16. c5 Nf4 17. Bc4 Be6 18. Bxe6 N8xe6 19. g3 Nxe2+ 20. Qxe2 Qe7 21. Qc4
Rd7 22. a4 Rc8 23. Rfc1 Rdc7 24. Kg2 h5 25. h4 Bf6 26. Nd2 Rd8 27. Qf1 Nd4 28.
Nc4 Qe6 29. f3 Be7 30. Nxe5 Bf6 31. Nc4 Re7 32. Rd1 Kh7 33. Rd2 Nxf3 34. Qxf3
Qxc4 35. Rxd8 Qc2+ 36. Bf2 1-0

[Event "XXXVII Open International de Metz A (>1"]
[Site "METZ"]
[Date "2019.04.08"]
[Round "7.7"]
[White "Bujisho, Benjamin"]
[Black "Navrotescu, Andreea-Cristiana"]
[Result "1-0"]
[WhiteElo "2339"]
[BlackElo "2234"]
[Annotator "denis"]
[PlyCount "93"]
[EventDate "2019.??.??"]
[WhiteTeam "Chevau-légers de la Choisille"]
[BlackTeam "L'Echiquier du Roy René"]

{[%evp 0,56,28,30,46,23,61,66,66,45,32,32,76,67,66,58,63,54,56,58,51,40,56,33,
42,29,36,33,23,49,65,68,66,64,75,59,76,75,102,99,96,140,210,180,177,99,99,87,
87,3,89,89,134,134,134,147,147,147,147]} 1. Nf3 e6 2. g3 f5 3. Bg2 Nf6 4. O-O
d5 5. d3 c6 6. c4 Be7 7. cxd5 exd5 8. b3 O-O 9. Bb2 Bd6 10. e3 a5 11. a3 Na6
12. Qc2 Nc7 13. Nbd2 Qe8 14. Rfe1 Qh5 15. Be5 Bxe5 16. Nxe5 Be6 17. f4 d4 18.
e4 Rfd8 19. Ndf3 a4 20. bxa4 fxe4 21. dxe4 Ng4 22. Nxg4 d3 23. Qd2 Bxg4 24. Re3
Bxf3 25. Bxf3 Qc5 26. Kg2 Rxa4 27. Rxd3 Rxd3 28. Qxd3 Rd4 29. Qb3+ Kf8 30. Ra2
Nb5 31. Qe6 Rd8 32. Qb3 Nd4 33. Qe3 Qc4 34. Rd2 c5 35. e5 b5 36. f5 Re8 37. f6
gxf6 38. Qh6+ Kg8 39. exf6 Qf7 40. Qg5+ Kh8 41. Bd5 Qg6 42. f7 Rf8 43. Qe7 Qh6
44. Rf2 c4 45. Rf4 c3 46. Qe5+ Qg7 47. Rg4 1-0

[Event "XXXVII Open International de Metz A (>1"]
[Site "METZ"]
[Date "2019.04.08"]
[Round "7.8"]
[White "Muller, Etienne"]
[Black "Alok Sinha"]
[Result "1-0"]
[WhiteElo "2166"]
[BlackElo "2271"]
[PlyCount "75"]
[EventDate "2019.??.??"]
[WhiteTeam "Echec et Mat Forbach"]

1. e4 c5 2. Nf3 d6 3. d4 cxd4 4. Nxd4 Nf6 5. Nc3 g6 6. Be3 Bg7 7. f3 O-O 8. Qd2
Nc6 9. Bc4 Bd7 10. O-O-O Rb8 11. Kb1 Nxd4 12. Bxd4 b5 13. Be2 b4 14. Nd5 Nxd5
15. exd5 Bxd4 16. Qxd4 Rb6 17. h4 e5 18. dxe6 fxe6 19. h5 Qf6 20. hxg6 hxg6 21.
Qg4 Rf7 22. Rh6 Rg7 23. Rdh1 Kf7 24. Bd3 a5 25. Rh7 a4 26. R1h6 a3 27. Qxg6+
Qxg6 28. Bxg6+ Kf8 29. g4 Rb5 30. Be4 Re5 31. Rxg7 Kxg7 32. Rh7+ Kf6 33. Rxd7
d5 34. bxa3 bxa3 35. Ra7 Kg5 36. Ra5 Kf4 37. c4 dxe4 38. Rxe5 1-0

[Event "XXXVII Open International de Metz A (>1"]
[Site "METZ"]
[Date "2019.04.08"]
[Round "7.9"]
[White "Chauvin, Denis"]
[Black "Ojas Kulkarni"]
[Result "0-1"]
[WhiteElo "1876"]
[BlackElo "2240"]
[PlyCount "54"]
[EventDate "2019.??.??"]
[WhiteTeam "Le Pion Tissalien Echecs"]

1. d4 Nf6 2. Nf3 g6 3. c4 Bg7 4. Nc3 d5 5. Qb3 dxc4 6. Qxc4 O-O 7. e4 Nc6 8.
Be2 Bg4 9. Be3 Bxf3 10. Bxf3 e5 11. d5 Nd4 12. Bd1 c6 13. dxc6 Rc8 14. O-O Rxc6
15. Qa4 Qb8 16. Bf3 Nxf3+ 17. gxf3 a6 18. Nd5 Nxd5 19. exd5 b5 20. Qa3 Rc4 21.
d6 Qb7 22. b3 Rh4 23. Rfc1 Qxf3 24. d7 Qg4+ 25. Kf1 Rxh2 26. Ke1 Rh1+ 27. Kd2
Qxd7+ 0-1

[Event "XXXVII Open International de Metz A (>1"]
[Site "METZ"]
[Date "2019.04.08"]
[Round "7.10"]
[White "Chigaeva, Anastasia"]
[Black "Devallee, Jeremie"]
[Result "1/2-1/2"]
[WhiteElo "2158"]
[BlackElo "2305"]
[PlyCount "89"]
[EventDate "2019.??.??"]
[BlackTeam "C'Chartres Echecs"]

1. d4 Nf6 2. c4 c5 3. d5 b5 4. Qc2 Na6 5. a3 Nc7 6. e4 bxc4 7. Bxc4 e6 8. dxe6
fxe6 9. e5 d5 10. Bd3 c4 11. Bxc4 dxc4 12. exf6 gxf6 13. Qxc4 Ba6 14. Qc6+ Kf7
15. Nc3 Qc8 16. Nf3 Bb7 17. Qc4 Rg8 18. Qh4 Rg7 19. Be3 Nd5 20. Nxd5 Bxd5 21.
Rc1 Qb7 22. Bd4 Be7 23. Qf4 Bxf3 24. Qxf3 Qxf3 25. gxf3 a5 26. Ke2 a4 27. Rc7
e5 28. Bc5 Ke6 29. Rc1 Rb8 30. Bb4 Bxb4 31. Rxg7 Bf8 32. Rxh7 Rxb2+ 33. Kf1 Rb3
34. Rc4 Rxa3 35. Kg2 Ra2 36. Rh8 Kd5 37. Rxa4 Rxa4 38. Rxf8 Ke6 39. Kg3 Ke7 40.
Rg8 Kf7 41. Rg4 Ra3 42. Kg2 Ra8 43. Rh4 f5 44. Rb4 Rg8+ 45. Kh3 1/2-1/2

[Event "XXXVII Open International de Metz A (>1"]
[Site "METZ"]
[Date "2019.04.08"]
[Round "7.11"]
[White "Hejazipour, Mitra"]
[Black "Narendran Gouthaman"]
[Result "1-0"]
[WhiteElo "2255"]
[BlackElo "2156"]
[PlyCount "35"]
[EventDate "2019.??.??"]
[WhiteTeam "USAM Echiquier Brestois"]

1. d4 Nf6 2. c4 e6 3. Nf3 d5 4. g3 dxc4 5. Bg2 c5 6. O-O Nc6 7. Qa4 Bd7 8. Qxc4
b5 9. Qd3 Rc8 10. Bg5 cxd4 11. Nxd4 Nxd4 12. Qxd4 Bc5 13. Qd3 h6 14. Bxf6 Qxf6
15. Nc3 Qd4 16. Qf3 b4 17. Rad1 Qf6 18. Nb1 1-0

[Event "XXXVII Open International de Metz A (>1"]
[Site "METZ"]
[Date "2019.04.08"]
[Round "7.12"]
[White "Llapasset, Jean-Louis"]
[Black "Luba, Lukasz"]
[Result "0-1"]
[WhiteElo "2062"]
[BlackElo "2151"]
[PlyCount "50"]
[EventDate "2019.??.??"]
[WhiteTeam "Echiquier Diabolique de Canohes"]

1. e4 d6 2. d4 Nd7 3. Nf3 g6 4. Nc3 Bg7 5. Be3 Ngf6 6. Qd2 Ng4 7. Bg5 f6 8. h3
fxg5 9. Nxg5 Nf8 10. hxg4 h6 11. Nh3 Bxg4 12. f3 Be6 13. O-O-O c6 14. d5 Bf7
15. Kb1 Qc7 16. Nf4 a6 17. g3 c5 18. Bh3 Qb6 19. Nfe2 Kd8 20. f4 Kc7 21. a3 Kb8
22. Na4 Qc7 23. b3 Ra7 24. Bg2 b5 25. c3 a5 0-1

[Event "XXXVII Open International de Metz A (>1"]
[Site "METZ"]
[Date "2019.04.08"]
[Round "7.13"]
[White "Colson, Arnaud"]
[Black "Thomas, Anysia"]
[Result "0-1"]
[WhiteElo "2028"]
[BlackElo "2149"]
[PlyCount "72"]
[EventDate "2019.??.??"]
[WhiteTeam "Cercle d'Echecs de Creutzwald"]
[BlackTeam "Vandoeuvre-Echecs"]

1. d4 g6 2. e4 c6 3. c4 d5 4. Nc3 dxe4 5. Nxe4 Bg7 6. Be3 Nh6 7. Qd2 Nf5 8. Nf3
O-O 9. Be2 Nxe3 10. fxe3 Bf5 11. Ng3 Bg4 12. O-O Na6 13. b4 e5 14. Rae1 exd4
15. exd4 Qe7 16. b5 cxb5 17. cxb5 Nc7 18. d5 Nxb5 19. d6 Qd7 20. Ne4 Bxf3 21.
Bxf3 Nd4 22. Qf4 Rad8 23. Qf6 Bxf6 24. Nxf6+ Kg7 25. Nxd7 Nxf3+ 26. Rxf3 Rxd7
27. Ra3 b6 28. Rc1 Re8 29. Rc7 Rxd6 30. Raxa7 Rf6 31. g4 Re1+ 32. Kg2 Re2+ 33.
Kg3 g5 34. Rd7 Rff2 35. a4 Rg2+ 36. Kf3 Ref2+ 0-1

[Event "XXXVII Open International de Metz A (>1"]
[Site "METZ"]
[Date "2019.04.08"]
[Round "7.14"]
[White "Veron, Cyprien"]
[Black "Kienitz, Andre"]
[Result "1/2-1/2"]
[WhiteElo "1990"]
[BlackElo "2117"]
[PlyCount "47"]
[EventDate "2019.??.??"]
[WhiteTeam "Saint Hilaire Petitville"]

1. Nf3 d5 2. c4 e6 3. e3 Nf6 4. Nc3 Be7 5. d4 O-O 6. Bd3 b6 7. O-O Bb7 8. Qe2
c5 9. cxd5 cxd4 10. Nxd4 Nxd5 11. Nxd5 Qxd5 12. f3 Rd8 13. Be4 Qd7 14. Bxb7
Qxb7 15. Bd2 Bf6 16. Bc3 Nd7 17. e4 Nc5 18. Nb5 Bxc3 19. Nxc3 e5 20. Rad1 Ne6
21. Rxd8+ Rxd8 22. Rd1 Qc7 23. Rxd8+ Qxd8 24. Nd5 1/2-1/2

[Event "XXXVII Open International de Metz A (>1"]
[Site "METZ"]
[Date "2019.04.08"]
[Round "7.15"]
[White "Julian, Stephane"]
[Black "Sadeghi, Hassan"]
[Result "1-0"]
[WhiteElo "1993"]
[BlackElo "2112"]
[PlyCount "25"]
[EventDate "2019.??.??"]
[WhiteTeam "Vandoeuvre-Echecs"]
[BlackTeam "Cercle d'Echecs d'Evian"]

1. e4 e5 2. Nf3 Nc6 3. Bc4 Bc5 4. c3 Nf6 5. d3 d6 6. a4 a6 7. O-O Bg4 8. Nbd2
Qd7 9. b4 Bb6 10. a5 Ba7 11. Qb3 O-O 12. b5 Nb8 13. b6 1-0

[Event "XXXVII Open International de Metz A (>1"]
[Site "METZ"]
[Date "2019.04.08"]
[Round "7.16"]
[White "Boulet, Philippe"]
[Black "Frantz, Nicolas"]
[Result "1/2-1/2"]
[WhiteElo "1971"]
[BlackElo "2115"]
[PlyCount "145"]
[EventDate "2019.??.??"]
[WhiteTeam "Esbarres Bonnencontre Echecs"]
[BlackTeam "Vandoeuvre-Echecs"]

1. d4 Nf6 2. c4 e6 3. Nc3 Bb4 4. Qc2 O-O 5. a3 Bxc3+ 6. Qxc3 d5 7. Bg5 dxc4 8.
Qxc4 b6 9. Nf3 Ba6 10. Qa4 Qd7 11. Qxd7 Nbxd7 12. e3 Bxf1 13. Rxf1 Ne4 14. Bf4
c5 15. Rd1 Rac8 16. Nd2 Ndf6 17. Bd6 Rfe8 18. dxc5 Nxc5 19. Ke2 Na4 20. Be5 Ng4
21. b3 Nxe5 22. bxa4 Rc2 23. Rc1 Rec8 24. Rxc2 Rxc2 25. a5 b5 26. a4 Nc4 27.
Rd1 bxa4 28. Kd3 Rxd2+ 29. Rxd2 Nxd2 30. Kxd2 Kf8 31. Kc3 Ke7 32. Kb4 Kd6 33.
Kxa4 Kc5 34. g4 h6 35. h4 g6 36. f3 Kc4 37. f4 h5 38. g5 Kc3 39. Ka3 Kc4 40.
Ka4 Kc5 41. e4 Kc4 42. Ka3 Kb5 43. Kb3 Kxa5 44. Kc4 Kb6 45. Kd4 a5 46. Ke5 a4
47. Kf6 a3 48. Kxf7 a2 49. Kxg6 a1=Q 50. f5 Qe5 51. f6 Qxe4+ 52. Kg7 Qxh4 53.
g6 Qd4 54. Kf7 Qd7+ 55. Kf8 Qd8+ 56. Kf7 Qd7+ 57. Kf8 Qd8+ 58. Kf7 h4 59. g7 h3
60. g8=Q Qxg8+ 61. Kxg8 h2 62. f7 h1=Q 63. f8=Q Qg2+ 64. Kh7 Qe4+ 65. Kh6 Qh4+
66. Kg6 Qg4+ 67. Kh6 Qh3+ 68. Kg5 Qe3+ 69. Qf4 Qc5+ 70. Kf6 Qf8+ 71. Ke5 Qb8+
72. Ke4 Qb7+ 73. Ke3 1/2-1/2

[Event "XXXVII Open International de Metz A (>1"]
[Site "METZ"]
[Date "2019.04.08"]
[Round "7.17"]
[White "Sarvadh Sathiaram"]
[Black "Haenssel, Christian"]
[Result "1/2-1/2"]
[WhiteElo "2079"]
[BlackElo "2087"]
[PlyCount "98"]
[EventDate "2019.??.??"]
[BlackTeam "Club d'Echecs Metz Fischer"]

1. e4 c5 2. Nf3 d6 3. d4 cxd4 4. Nxd4 Nf6 5. Nc3 a6 6. h3 e6 7. g4 Qc7 8. Bg2
Nc6 9. Be3 Nd7 10. Qe2 Nxd4 11. Bxd4 b5 12. O-O-O Bb7 13. f4 b4 14. Nd5 exd5
15. exd5+ Kd8 16. Rhe1 Qa5 17. Qe8+ Kc7 18. Qxf7 Qxa2 19. Be4 Rd8 20. b3 Qa5
21. Bb2 Kb8 22. Bxg7 Bxg7 23. Qxg7 Rhg8 24. Qd4 h6 25. Kb1 Qc5 26. Bf5 Qxd4 27.
Rxd4 a5 28. Bxd7 Rxd7 29. Re6 Rh8 30. f5 Kc7 31. h4 Kb6 32. g5 hxg5 33. hxg5
Rh1+ 34. Kb2 Rg1 35. g6 Kc5 36. Rc4+ Kxd5 37. Re8 Rf1 38. Rg4 Rg7 39. Rg5 Kd4
40. Re6 Be4 41. Rxd6+ Ke3 42. Re6 Kf4 43. f6 Rxg6 44. Rge5 Rgg1 45. Rxe4+ Kg5
46. c4 Rb1+ 47. Ka2 Ra1+ 48. Kb2 Rgb1+ 49. Kc2 Rc1+ 1/2-1/2

[Event "XXXVII Open International de Metz A (>1"]
[Site "METZ"]
[Date "2019.04.08"]
[Round "7.18"]
[White "Oblin, Pierre"]
[Black "Schweitzer, Victoria"]
[Result "0-1"]
[WhiteElo "1801"]
[BlackElo "2084"]
[PlyCount "110"]
[EventDate "2019.??.??"]
[WhiteTeam "Echiquier Grenoblois"]
[BlackTeam "Metz Alekhine"]

1. b4 d5 2. Bb2 Nf6 3. Nf3 Nbd7 4. g3 c6 5. Bg2 Qc7 6. O-O e5 7. a3 Bd6 8. d3
O-O 9. c4 d4 10. Nh4 Re8 11. c5 Bf8 12. e4 b6 13. cxb6 Qxb6 14. Nd2 Ba6 15. Qc2
c5 16. Nc4 Bxc4 17. Qxc4 cxb4 18. Rfc1 b3 19. f4 Bc5 20. Rcb1 Rab8 21. Bh3 Qa5
22. Qc1 Bb6 23. Qd1 Qa4 24. Nf5 Bc5 25. Rc1 Qb5 26. a4 Qa5 27. g4 Nf8 28. Rc4
Ne6 29. g5 Nd7 30. fxe5 Nxe5 31. Rcc1 Nxg5 32. Bf1 g6 33. Nh6+ Kg7 34. Ng4
Ngf3+ 35. Kh1 Nxg4 36. Qxf3 Ne3 37. Bh3 f6 38. Bd7 Re5 39. Qf2 Qb6 40. Rg1 Qd6
41. Bh3 Qa6 42. Bf1 Rc8 43. Bc1 Qb6 44. Qb2 Rb8 45. Be2 Qd6 46. Bd2 Re7 47. Be1
Rbb7 48. Bg3 Qb6 49. Bf3 Bd6 50. Bf2 Be5 51. Rab1 Rec7 52. Rbc1 Rc2 53. Rxc2
bxc2 54. Qc1 Qb2 55. Bxe3 dxe3 0-1

[Event "XXXVII Open International de Metz A (>1"]
[Site "METZ"]
[Date "2019.04.08"]
[Round "6.2"]
[White "Feller, Sebastien"]
[Black "Omelja, Artem"]
[Result "1-0"]
[WhiteElo "2586"]
[BlackElo "2472"]
[PlyCount "75"]
[EventDate "2019.??.??"]
[WhiteTeam "Club d'Echecs Metz Fischer"]

1. d4 d5 2. c4 e6 3. Nc3 Be7 4. cxd5 exd5 5. Bf4 c6 6. e3 Bf5 7. Nge2 Nf6 8.
Ng3 Bg6 9. h4 h6 10. h5 Bh7 11. Bd3 Bxd3 12. Qxd3 Nbd7 13. O-O-O Nf8 14. Nf5
Ne6 15. Be5 O-O 16. Kb1 Nd7 17. e4 Nxe5 18. dxe5 d4 19. Ne2 c5 20. Qg3 Kh8 21.
Nf4 Bg5 22. Nd5 Qd7 23. f4 Bd8 24. Qg4 a5 25. Rh3 f6 26. Nh4 fxe5 27. Ng6+ Kg8
28. Nxe5 Qe8 29. Ng6 Rf7 30. Ne5 Rf8 31. Rg3 Ra6 32. Ng6 Rf7 33. Ne5 Rf8 34.
Re1 b6 35. Ng6 Rf7 36. Nge7+ Bxe7 37. Qxe6 Qd8 38. Nxe7+ 1-0